000 00739nam a2200205 i 4500
001 156329
003 ES-MaACL
005 20250809062540.0
008 020708s1901 fr |||| | fre d
040 _aCCPB | B
_bspa
_cCCPB | B
100 1 _aJhering, Rudolf von.
_9128302
245 1 2 _aL'évolution du droit
_b: Zweck im Recht /
_cRud. von Jhering ; traduit sur la 3e éd. allemande par O. de Meulenaere.
260 _aParis :
_bA. Marescq, aîne Chevalier-Marescq et C\pie\s,
_c1901 (
_eGand :
_fHoste)
300 _aVIII, 400 p. ;
_c24 cm.
650 7 _aDerecho
_2embne
_911602
700 1 _aMeulenaere, O. de.
_9129879
852 _aES-MaACL
_jG-15199
_z-- Enc. pasta española
999 _c156329
_d156329